Wittgenstein
Estudio sobre los llamados “años perdidos” de Wittgenstein, década que media los dos momentos de sus pensamiento, a saber, entre el Tractatus y las Investigaciones. Así, se desarrollan temas relacionados con la sexualidad y con esta las lecturas de Wittgenstein sobre Freud, las proposiciones, sus os...
Đã lưu trong:
| Tác giả chính: | |
|---|---|
| Định dạng: | Sách |
| Ngôn ngữ: | Spanish |
| Được phát hành: |
Madrid, España
Ediciones Cátedra
1987
|
| Những chủ đề: | |
| Các nhãn: |
Thêm thẻ
Không có thẻ, Là người đầu tiên thẻ bản ghi này!
|
MARC
| LEADER | 00000nam a22000007a 4500 | ||
|---|---|---|---|
| 008 | 170516b xxu||||| |||| 00| 0 spa d | ||
| 040 | |a cru BVZT | ||
| 090 | |a 100 B-14.2w | ||
| 100 | |a Bartley III, William Warren |9 2066 | ||
| 245 | |a Wittgenstein |c / William Warren III, ; Javier Sádaba, traductor | ||
| 260 | |a Madrid, España |b Ediciones Cátedra |c 1987 | ||
| 300 | |a 231 p. | ||
| 520 | |a Estudio sobre los llamados “años perdidos” de Wittgenstein, década que media los dos momentos de sus pensamiento, a saber, entre el Tractatus y las Investigaciones. Así, se desarrollan temas relacionados con la sexualidad y con esta las lecturas de Wittgenstein sobre Freud, las proposiciones, sus oscuros años como profesor de escuela, el juego del lenguaje, entre otros | ||
| 650 | |a FILOSOFÍA |9 5 | ||
| 650 | |a WITTGENSTEIN |9 1086 | ||
| 650 | |a BIOGRAFÍA |9 710 | ||
| 650 | |a CRÍTICA |9 583 | ||
| 999 | |c 15316 |d 15316 | ||
| 942 | |c 15 D |h 100 B-14.2w |2 z | ||
